Un regalo de gracias : (Registro nro. 7876)

Detalles MARC
000 -LIDER
fixed length control field 00916nam a2200277 a 4500
001 - NÚMERO DE CONTROL
Identificador de número de control 000045749
003 - IDENTIFICACDOR DE NÚMERO DE CONTROL
control field DO-SdBPM
005 - DATE AND TIME OF LATEST TRANSACTION
control field 20241101114255.0
007 - CAMPOS FIJOS DE DESCRIPCIÓN FÍSICA
fixed length control field 000045749
008 - ELEMENTOS DE LONGITUD FIJA
fixed length control field 150511s2007 dr a 000 0 spa d
020 ## - ISBN
International Standard Book Number 9789945429039
040 ## - FUENTE DE CATALOGACIÓN
Agencia que crea de manera original el registro BPMSU
Idioma de catalogación spa
Agencia que realiza la transcripción BPMSU
082 #4 - NÚMERO DE CLASIFICACIÓN DECIMAL DE DEWEY
Classification number RD863.5
Item number A473u 2014
Edition number 22
100 1# - ASIENTO PRINCIPAL -- NOMBRE PERSONAL
Nombre personal Álvarez, Julia,
Fechas asociadas con el nombre 1950-
9 (RLIN) 58
245 13 - MENCIÓN DE TITULO
Título Un regalo de gracias :
Subtítulo la leyenda de la Altagracia /
Mención de responsabilidad Julia Álvarez ; ilustración de Amaya Salazar
260 ## - PUBLICACIÓN, DISTRIBUCIÓN, ETC. (PIE DE IMPRENTA)
Lugar de publicación, distribución, etc Santo Domingo :
Nombre del editor, distribuidor, etc. Alfaguara,
Fecha de publicación, distribución, etc 2007
-- 2011 (reimpresión)
300 ## - DESCRIPCIÓN FÍSICA
Extensión 40 p. :
Otros detalles físicos il. ;
Dimensiones 28 cm.
490 0# - MENCIÓN DE SERIES
Mención de serie Alfaguara infantil
590 ## - NOTA LOCAL
Texto de la nota local Inventariado, 2024/VM
650 4# - ENCABEZAMIENTO DE MATERIA--TEMÁTICO
Término temático o nombre geográfico como elemento de entrada Cuentos infantiles dominicanos
650 #4 - ENCABEZAMIENTO DE MATERIA--TEMÁTICO
Término temático o nombre geográfico como elemento de entrada Literatura infantil dominicana
700 1# - ASIENTO SECUNDARIO -- NOMBRE PERSONAL
Nombre personal Salazar, Amaya,
Mención de responsabilidad ilustración
700 1# - ASIENTO SECUNDARIO -- NOMBRE PERSONAL
Nombre personal Valenzuela, Liliana,
Mención de responsabilidad ilustración
910 ## - VALIDACIÓN
Validación VMateo V. Control de calidad. BPMSU
942 ## - ADDED ENTRY ELEMENTS (KOHA)
Source of classification or shelving scheme Dewey Decimal Classification
Koha item type Libros
Existencias
Withdrawn status Lost status Source of classification or shelving scheme Damaged status Not for loan Collection code Home library Current library Date acquired Source of acquisition Total Checkouts Full call number Barcode Date last seen Price effective from Koha item type Copy number
    Dewey Decimal Classification     Colección Infantil Dominicana Biblioteca Pública Metropolitana Salomé Ureña Biblioteca Pública Metropolitana Salomé Ureña 05/14/2015 Alfaguara   BPMSU CDI RD863.5 A473u 2014 BPMSU15051713 05/14/2015 05/14/2015 Libros  
    Dewey Decimal Classification     Colección Infantil Dominicana Biblioteca Pública Metropolitana Salomé Ureña Biblioteca Pública Metropolitana Salomé Ureña 10/28/2015     BPMSU CDI RD863.5 A473u 2014 BPMSU15100216 10/28/2015 10/28/2015 Libros e.2
    Dewey Decimal Classification     Colección Infantil Dominicana Biblioteca Pública Metropolitana Salomé Ureña Biblioteca Pública Metropolitana Salomé Ureña 10/28/2015     BPMSU CDI RD863.5 A473u 2014 BPMSU15100217 10/28/2015 10/28/2015 Libros e.3